Statistics for Footballers by Country

Click here to take the quiz!

General Stats

  • This quiz has been taken 45 times
  • The average score is 41 of 48

Answer Stats

PlayerCountry% Correct
David BeckhamEngland
100%
Lionel MessiArgentina
97%
Neymar Jr.Brazil
97%
Zinedine ZidaneFrance
97%
Cristiano RonaldoPortugal
97%
Luka ModrićCroatia
95%
Franz BeckenbauerGermany
95%
Virgil Van DijkNetherlands
95%
Robert LewandowskiPoland
95%
Son Heung-MinSouth Korea
95%
XaviSpain
95%
Zlatan IbrahimovicSweden
95%
Luis SuarezUruguay
95%
Gareth BaleWales
95%
Kevin De BruyneBelgium
92%
Mohamed SalahEgypt
92%
Paolo MaldiniItaly
92%
Erling HaalandNorway
92%
Andriy ShevchenkoUkraine
92%
Christian PulisicUnited States
92%
Didier DrogbaIvory Coast
89%
Alphonso DaviesCanada
86%
Peter ČechCzech Republic
86%
Andrew RobertsonScotland
86%
Riyad MahrezAlgeria
84%
Samuel Eto'oCameroon
84%
Achraf HakimiMorocco
84%
Victor OsimhenNigeria
84%
Lev YashinRussia
84%
Sadio ManéSenegal
84%
Sergej Milinković-SavićSerbia
84%
Radamel FalcaoColombia
81%
Keylor NavasCosta Rica
81%
Peter SchmeichelDenmark
81%
Kaoru MitomaJapan
81%
George BestNorthern Ireland
81%
Granit XhakaSwitzerland
81%
George WeahLiberia
78%
Gheorge HagiRomania
78%
Henrikh MkhitaryanArmenia
76%
Edin DžekoBosnia and Herzegovina
76%
Arturo VidalChile
76%
Khvicha KvaratskheliaGeorgia
73%
Arda GülerTurkey
73%
Harry KewellAustralia
68%
Santiago GimenezMexico
62%
Goran PandevMacedonia
54%
Sheraldo BeckerSuriname
38%

Score Distribution

Percentile by Number Answered

Percent of People with Each Score

Your Score History

You have not taken this quiz